5HLuxD.jpg

KING HENRY VIII SENIOR AND PRIMARY SCHOOL LIBRARY OPAC

In the jungle / (Record no. 4426)

000 -LEADER
fixed length control field 00452cam a2200157 a 4500
008 - FIXED-LENGTH DATA ELEMENTS--GENERAL INFORMATION
fixed length control field 031218s2004 ilua j 000 0 eng
010 ## - LIBRARY OF CONGRESS CONTROL NUMBER
LC control number 2003116749
020 ## - INTERNATIONAL STANDARD BOOK NUMBER
International Standard Book Number 0716616041
050 00 - LIBRARY OF CONGRESS CALL NUMBER
Classification number QL112
Item number .R63 2004
082 00 - DEWEY DECIMAL CLASSIFICATION NUMBER
Classification number 591.734
Edition number 22
100 1# - MAIN ENTRY--PERSONAL NAME
Personal name Robinson, Fay.
245 10 - TITLE STATEMENT
Title In the jungle /
Statement of responsibility, etc. written by Fay Robinson ; illustrated by Paul Lopez.
260 ## - PUBLICATION, DISTRIBUTION, ETC.
Place of publication, distribution, etc. Chicago :
Name of publisher, distributor, etc. World Book,
Date of publication, distribution, etc. c2004.
300 ## - PHYSICAL DESCRIPTION
Extent 32 p. :
Other physical details col. ill. ;
Dimensions 27 cm.
942 ## - ADDED ENTRY ELEMENTS (KOHA)
Source of classification or shelving scheme
Holdings
Withdrawn status Lost status Source of classification or shelving scheme Damaged status Not for loan Collection code Permanent Location Current Location Shelving location Date acquired Total Checkouts Full call number Barcode Date last seen Date last checked out Price effective from Koha item type Public note
          Non-Fiction KH8 Primary School Library KH8 Primary School Library Non Fiction 2025-02-18 2 591.734 FAY KHPL000006181 2025-12-05 2025-09-30 2025-02-18 Books - Non Ficton KH8 PRIMARY LIBRARY

Powered By KH8 IT Dept